Statistics for Gay Anthems

Click here to take the quiz!

General Stats

  • This quiz has been taken 1,292 times
  • The average score is 7 of 24

Answer Stats

HintAnswer% Correct
Village People (1978)Y.M.C.A.
74%
ABBA (1976)Dancing queen
73%
Lady Gaga (2011)Born this way
70%
Gloria Gaynor (1979)I will survive
59%
Cyndi Lauper (1984)Girls just wanna have fun
54%
Madonna (1990)Vogue
48%
Judy Garland (1939)Over the rainbow
35%
Olivia Newton-John (1980)Physical
35%
Frankie Goes to Hollywood (1984)Relax
31%
Diana Ross (1980)I' m coming out
30%
Sister Sledge (1979)We are family
20%
Donna Summer (1977)I feel love
15%
Chaka Kham (1979)I' m every woman
15%
CeCe Peniston (1992)Finally
14%
Pet Shop Boys (1993)Go west
13%
Take That feat. Lulu (1993)Relight my fire
12%
Bronski Beat (1984)Smalltown boy
12%
The Communards (1986)Don' t leave me this way
10%
Cher (1998)Strong enough
10%
Baccara (1977)Yes Sir, I can boogie
9%
Army of Lovers (1991)Crucified
4%
Sin with Sebastian (1995)Shut up and sleep with me
3%
Kylie Minogue (2001)Your disco needs you
3%
Sheila & B. Devotion (1979)Spacer
2%

Score Distribution

Percentile by Number Answered

Percent of People with Each Score

Your Score History

You have not taken this quiz